Manažment zdravotného stavu pacientov prostredníctvom telemedicínskych služieb

Gespeichert in:
Bibliographische Detailangaben
1. Verfasser: Kovalčík, Ctibor (Verfasst von)
Weitere Verfasser: Lehocki, Fedor (Betreuung Doktorarbeit)
Format: Manuskript Buch
Sprache:Slowakisch
Veröffentlicht: 2023
Schlagworte:
Online-Zugang:http://is.stuba.sk/zp/portal_zp.pl?podrobnosti=162683
Tags: Tag hinzufügen
Keine Tags, Fügen Sie das erste Tag hinzu!

MARC

LEADER 00000ntm a22000003a 4500
001 stuzp92362
003 SK-STU
005 20230909212914.1
007 ta
008 150427s2015----xo-----f-mn---000-0-slo-d
040 |a STU  |b slo 
041 0 |a slo 
100 1 |a Kovalčík, Ctibor  |u 070200  |4 aut  |U FIIT Fakulta informatiky a informačných technológií  |T FIIT Ústav informatiky, informačných systémov a softvérového inžinierstva  |X 110829  |U I200  |Y 179  |7 110829 
242 0 1 |a Management of patients' health through telemedicine  |y eng 
245 1 0 |a Manažment zdravotného stavu pacientov prostredníctvom telemedicínskych služieb 
260 |c 2023 
650 4 |a emócie  |2 slo 
650 4 |a predikcia  |2 slo 
650 4 |a aplikácia  |2 slo 
650 4 |a zdravotný monitoring  |2 slo 
650 4 |a telemedicína  |2 slo 
650 4 |a healthcare management  |2 eng 
650 4 |a mobile application  |2 eng 
650 4 |a telemedicine  |2 eng 
650 4 |a emotion prediction  |2 eng 
700 1 |a Lehocki, Fedor  |u 070200  |k Z1  |4 ths  |U FIIT Fakulta informatiky a informačných technológií  |T FIIT Ústav informatiky, informačných systémov a softvérového inžinierstva  |X 1888  |U I200  |Y 179  |7 000001888 
856 4 |u http://is.stuba.sk/zp/portal_zp.pl?podrobnosti=162683